Historia de las instituciones políticas y sociales en américa y en la argentina desde 1810 /

Guardado en:
Autor Principal: Gianello, Leoncio
Formato: Libro
Publicado: Argentina : Estrada, 1960
Materias:
Etiquetas: Agregar Etiqueta
Sin Etiquetas, Sea el primero en etiquetar este registro!
LEADER 00537nam a22001695a 4500
001 CEM.cems002879
005 19000101000000.0
008 130507s1960##################000#0#####d
003 CEMS
082 0 4 |a 980 
100 1 |a Gianello, Leoncio 
245 1 0 |a Historia de las instituciones políticas y sociales en américa y en la argentina desde 1810 /  |c Leoncio Gianello 
260 |a Argentina :  |b Estrada,  |c 1960 
300 |a 247 p. 
653 |a Historia 
653 |a Historia de america 
859 |a CEMS  |b BIB. CEMS - 11 de abril  |h 980  |i G348  |p 9586.81  |t Ej.1